Εφαρμογή της αναλυτικής λογιστικής της εκμεταλλεύσεως στην Ένωση Μαστιχοπαραγωγών Χίου (σύστημα συλλειτουργίας) : πτυχιακή εργασία

Saved in:
Bibliographic Details
Main Author: Κουκούρη, Ευανθία
Corporate Author: Πανεπιστήμιο Αιγαίου Σχολή Επιστημών της Διοίκησης Τμήμα Διοίκησης Επιχειρήσεων - Τ.Δ.Ε
Other Authors: Βαρβάκης, Κωνσταντίνος Α. (Thesis advisor)
Format: Thesis Book
Language:Greek
Published: 2004
Subjects:
Online Access:http://hdl.handle.net/11610/6653
Tags: Add Tag
No Tags, Be the first to tag this record!

MARC

LEADER 00000cam a2200000 i 4500
001 1/80985
008 050713s2004 gre d
035 |l 10079158 
040 |a GR-MY-UA  |b gre  |e aacr 
041 0 |a gre 
082 0 |a 657.0949582  |2 (22) 
100 1 |a Κουκούρη, Ευανθία. 
245 1 0 |a Εφαρμογή της αναλυτικής λογιστικής της εκμεταλλεύσεως στην Ένωση Μαστιχοπαραγωγών Χίου (σύστημα συλλειτουργίας) :  |b πτυχιακή εργασία /  |c Κουκούρη Ευανθία ; επιβλέπων Κωνσταντίνος Βαρβάκης 
260 |c 2004 
300 |a 168 σ.;  |b διαγρ.;  |c 30 εκ. 
502 |a Πτυχιακή εργασία – Πανεπιστήμιο Αιγαίου, Χίος, 2004. 
610 2 0 |a Πανεπιστήμιο Αιγαίου. 
650 0 0 |a Gums and resins  |z Greece  |z Chios Island. 
650 0 0 |a Gums and resins industry  |z Greece  |z Chios Island. 
650 0 0 |a Mastic industry  |z Greece  |z Chios Island. 
650 0 0 |a Cost accounting  |z Greece  |z Chios Island. 
650 0 0 |a Dissertations, Academic  |z Greece. 
700 1 |a Βαρβάκης, Κωνσταντίνος Α.  |4 ths 
710 1 |a Πανεπιστήμιο Αιγαίου  |b Σχολή Επιστημών της Διοίκησης  |b Τμήμα Διοίκησης Επιχειρήσεων - Τ.Δ.Ε. 
852 |a INST  |b CHIOS  |c DIATR  |e 20050713  |h 657.0949582 KOY  |p 005200025290  |q 005200025290  |t DIE  |y 23 
852 |a INST  |b CHIOS  |c DIATR  |e 20050714  |h 657.0949582 KOY  |p 005200025306  |q 005200025306  |t DIE  |y 23 
856 |u http://hdl.handle.net/11610/6653 
901 |a BIBL2-2005-2 
909 |a Χ  |b 119068 
909 |a Χ  |b 119081 
924 |a ΚΟΥΚΟΥΡΗ  |b ΕΥΑΝΘΙΑ  |y ΧΙΟΣ  |z 2004-10 
970 |a ΒΑΣΙΛΑΚΗ  |b ΝΙΚΗ  |z 2005/07/13